000 00598nam a2200181 4500
999 _c13827
_d13827
020 _a9789710092512
082 _aFil. 222.3 W6645g 2013
100 _aWong, Jojie
245 _aGideon and god's 300 /
_cretold by Jojie Wong ; illustrated by Jomike Tejido
260 _aMetro Manila
_bOMF Literature Inc.
_cc2013
300 _a31 pages :
_bchiefly colored illustrations ;
_c22.5 x 17 cm
490 _aWow god!
526 _a200-299
_d220
650 _a Trust in God in the Bible
650 _aChildren's stories, Philippine (English)
650 _aChildren's stories, Tagalog
942 _2ddc
_cBK